| 000 | 01654nam0a22004931 4500 | ||
|---|---|---|---|
| 001 | RU\NLR\A1SV\9545 | ||
| 005 | 20251203171251.9 | ||
| 035 | _a(NLR Aleph) 009695039 | ||
| 090 |
_a9754605 _c9754605 |
||
| 100 | _a19990105d1926 u y0rusy50 ca | ||
| 101 | 0 | _arus | |
| 102 | _aRU | ||
| 200 | 1 |
_aРефлексология труда _fАкад. В.М.Бехтерев, проф. Л.Л.Васильев и д-р А.Ф.Вербов _gПод общ. ред. и с предисл. проф. А.А.Пресса |
|
| 210 |
_aМ. _aЛ. _cГос. изд. _d1926 |
||
| 215 |
_a168 с. _cил. _d24 см |
||
| 620 | _dМосква | ||
| 620 | _dСанкт-Петербург | ||
| 700 | 1 |
_aБехтерев _bВ.М. _f1857-1927 _gВладимир Михайлович |
|
| 701 | 1 |
_7ca _8rus _aВасильев _bЛ. Л. _cд-р биол. наук _f1891-1965 _gЛеонид Леонидович _9265801 _3RU\NLR\AUTH\770265857 |
|
| 701 | 1 |
_aВербов _bА.Ф. _f1891-1977 _gАлександр Федорович |
|
| 702 | 1 |
_aПресс _bА.А. _f1857-1930 _gАлексей Александрович |
|
| 801 | 0 |
_aRU _bNLR _c19990105 |
|
| 852 |
_aNLR _j27/327 |
||
| 852 |
_aNLR _j121/109 |
||
| 899 | _aSLK | ||
| 899 | _aLatNB | ||
| 899 | _aГБ РУз. | ||
| 899 | _aАОНБ | ||
| 899 | _aСПбГУ | ||
| 899 | _aБАН | ||
| 899 | _aНБЛ КГУ | ||
| 899 | _aРГБ | ||
| 899 | _aВладОУНБ | ||
| 899 | _aРКП | ||
| 899 | _aЗНБ СГУ | ||
| 899 | _aNLG | ||
| 899 | _aСамОУНБ | ||
| 899 | _aКирОУНБ | ||
| 899 | _aНБ ТГУ | ||
| 899 | _aСГСПУ | ||
| 942 | _cBOOK | ||
| 980 | _aNB | ||
| 980 | _aA1SV | ||